000 00414nam a2200181Ia 4500
001 10194
005 20260306161814.0
008 260306t2007||||xx |||||||||||||| ||spa||
041 _aESP
082 _a909
_bD67
100 _aDiamond, Jared
_eAUT
245 0 _aArmas, gérmenes y acero
260 _c2007
300 _a588 páginas :
_c19 cm.
650 _aGEN
654 _aCHU
942 _cLIB
_dJUS
_fJUS
_2ddc
_n
999 _c10194
_d10194